| 000 | 01684namaa2200397 i 4500 | ||
|---|---|---|---|
| 003 | EG-GICUC | ||
| 005 | 20260117133601.0 | ||
| 008 | 260117s2005 ua |||jr|||| 000 0 ara d | ||
| 017 |
_a2006 / 1671 _bدار الكتب والوثائق القومية (مصر) |
||
| 040 |
_aEG-GiCUC _bara _cEG-GiCUC _dEG-GiCUC _erda |
||
| 082 | 0 | 4 |
_221 _a305.3 _bN328 |
| 092 | 0 | 4 |
_221 _a305.3 _bN328 |
| 099 | _a305.3 N328 | ||
| 100 | 1 | _eمؤلف. | |
| 245 | 1 | 2 |
_aالنوع : _bالذكر والأنثى بين التميز والاختلاف : مقالات مختارة / _cتحرير إيفلين آشتون...[وآخ.] ؛ ترجمة محمد قدرى عمارة ؛ مراجعة إلهامى جلال عمارة ؛ تقديم هالة كمال. |
| 250 | _aالطبعة الاولى | ||
| 264 |
_aالقاهرة(مصر) : _bالمجلس الاعلى للثقافة، _c2005. |
||
| 300 |
_a431 صفحة ؛ _c24 سم |
||
| 336 |
_2rdacontent _atext |
||
| 337 |
_2rdamedia _aUnmediated |
||
| 338 |
_2rdacarrier _avolume |
||
| 490 |
_aالمشروع القومى للترجمة ؛ _v731 |
||
| 504 | _a. | ||
| 541 |
_aد. جابر عصفور ؛ _bالقاهرة ؛ _cإهداء ؛ _d2024. |
||
| 650 | 1 | 7 |
_aالتفرقة الجنسية _2qrmak |
| 650 | 1 | 7 |
_aالجنس _xالجوانب الاجتماعية _2qrmak |
| 651 | 1 | _2qrmak | |
| 700 | 1 |
_aآشتون، إيفلين _eمحرر. |
|
| 700 | 1 |
_aجارى، جونز _eمحرر. |
|
| 700 | 1 |
_aأولسون، أ. _eمحرر. |
|
| 700 | 1 |
_aعمارة، محمد قدرى _eمترجم. |
|
| 700 | 1 |
_aعمارة، إلهامى جلال _eمراجع. |
|
| 700 | 1 |
_aكمال، هالة _eمقدم. |
|
| 905 | _aAya | ||
| 942 |
_2ddc _cBK _e21 _n0 |
||
| 999 |
_c177766 _d177766 |
||